000
00272nam a22001217a 4500
020
_a
978-1-4075-1730-8
082
_a
823
_b
10997
100
_a
PORYES, MICHAEL
245
_a
HANNAH MONTANA
_b
CRUSH-TASTIC!
260
_a
LONDON
650
_a
NOVEL
_z
UNITED KINGDOM
942
_c
BK
999
_c
2421
_d
2421